MARC details
| 000 -LEADER |
| fixed length control field |
02306cam a2200625 a 4500 |
| 001 - CONTROL NUMBER |
| control field |
20173 |
| 003 - CONTROL NUMBER IDENTIFIER |
| control field |
VRT |
| 005 - DATE AND TIME OF LATEST TRANSACTION |
| control field |
20260119095927.0 |
| 008 - FIXED-LENGTH DATA ELEMENTS--GENERAL INFORMATION |
| fixed length control field |
240226s1989 xo oa gr 000 0 slo |
| 015 ## - NATIONAL BIBLIOGRAPHY NUMBER |
| National bibliography number |
SNBA1989/04 |
| 020 ## - INTERNATIONAL STANDARD BOOK NUMBER |
| International Standard Book Number |
8070960000 |
| Qualifying information |
(viazané) |
| 035 ## - SYSTEM CONTROL NUMBER |
| System control number |
SNK000023454 |
| 035 ## - SYSTEM CONTROL NUMBER |
| System control number |
B15A2C64-FE29-4585-BA30-66863D2DBB6A |
| 035 ## - SYSTEM CONTROL NUMBER |
| System control number |
urn:nbn:sk:snk-am00ih41 |
| 039 #9 - LEVEL OF BIBLIOGRAPHIC CONTROL AND CODING DETAIL [OBSOLETE] |
| Level of rules in bibliographic description |
202402261907 |
| Level of effort used to assign nonsubject heading access points |
VLOAD |
| Level of effort used to assign subject headings |
202311201345 |
| Level of effort used to assign classification |
VLOAD |
| Level of effort used to assign subject headings |
202305011803 |
| Level of effort used to assign classification |
VLOAD |
| Level of effort used to assign subject headings |
202304281403 |
| Level of effort used to assign classification |
VLOAD |
| 040 ## - CATALOGING SOURCE |
| Original cataloging agency |
SNK |
| Language of cataloging |
slo |
| Transcribing agency |
SNK |
| Description conventions |
AACR2 |
| 041 0# - LANGUAGE CODE |
| Language code of text/sound track or separate title |
slo |
| 044 ## - COUNTRY OF PUBLISHING/PRODUCING ENTITY CODE |
| MARC country code |
xo |
| ISO country code |
SK |
| 072 #7 - SUBJECT CATEGORY CODE |
| Subject category code |
796 |
| Subject category code subdivision |
Šport. Hry. Telesné cvičenia |
| Source |
konspekt |
| 080 ## - UNIVERSAL DECIMAL CLASSIFICATION NUMBER |
| Universal Decimal Classification number |
796.932.2(084.12) |
| Edition identifier |
1981 |
| 080 ## - UNIVERSAL DECIMAL CLASSIFICATION NUMBER |
| Universal Decimal Classification number |
796.032.2 |
| Edition identifier |
2011 |
| 080 ## - UNIVERSAL DECIMAL CLASSIFICATION NUMBER |
| Universal Decimal Classification number |
(048.8) |
| Edition identifier |
2011 |
| 080 ## - UNIVERSAL DECIMAL CLASSIFICATION NUMBER |
| Universal Decimal Classification number |
796.9 |
| Edition identifier |
2011 |
| 080 ## - UNIVERSAL DECIMAL CLASSIFICATION NUMBER |
| Universal Decimal Classification number |
796.015.8 |
| Edition identifier |
2011 |
| 080 ## - UNIVERSAL DECIMAL CLASSIFICATION NUMBER |
| Universal Decimal Classification number |
(084.12) |
| Edition identifier |
2011 |
| 080 ## - UNIVERSAL DECIMAL CLASSIFICATION NUMBER |
| Universal Decimal Classification number |
796.032.2:796/799 |
| Edition identifier |
2001 |
| 100 1# - MAIN ENTRY--PERSONAL NAME |
| Personal name |
Mráz, Igor, |
| Dates associated with a name |
1929-2016 |
| Relationship |
aut |
| -- |
pht |
| 245 10 - TITLE STATEMENT |
| Title |
Calgary 88 |
| Remainder of title |
XV. zimné olympijské hry |
| Statement of responsibility, etc. |
Igor Mráz ; [fotografie Peter Pospíšil a autor] |
| 246 30 - VARYING FORM OF TITLE |
| Title proper/short title |
XV. zimné olympijské hry |
| 246 3# - VARYING FORM OF TITLE |
| Title proper/short title |
Pätnáste zimné olympijské hry |
| 250 ## - EDITION STATEMENT |
| Edition statement |
1. vyd. |
| 260 ## - PUBLICATION, DISTRIBUTION, ETC. |
| Place of publication, distribution, etc. |
Bratislava |
| Name of publisher, distributor, etc. |
Šport |
| Date of publication, distribution, etc. |
1989 |
| Place of manufacture |
Banská Bystrica |
| Manufacturer |
Tlačiarne SNP |
| 300 ## - PHYSICAL DESCRIPTION |
| Extent |
167 strán, 72 nečíslovaných strán obrazových príloh |
| Other physical details |
farebné fotografie, ilustrácie |
| Dimensions |
24 cm |
| 366 ## - TRADE AVAILABILITY INFORMATION |
| Note |
17000 výtl. |
| 490 1# - SERIES STATEMENT |
| Series statement |
Finále |
| 500 ## - GENERAL NOTE |
| General note |
Rozložená fotografia na titulnej strane |
| 611 27 - SUBJECT ADDED ENTRY--MEETING NAME |
| Meeting name or jurisdiction name as entry element |
Zimné olympijské hry |
| Number of part/section/meeting |
(15. : |
| Date of meeting or treaty signing |
1988 : |
| Location of meeting |
Calgary, Alberta) |
| Source of heading or term |
SNKKA |
| 650 07 - SUBJECT ADDED ENTRY--TOPICAL TERM |
| Topical term or geographic name entry element |
olympijské hry |
| Source of heading or term |
SNKPH |
| 650 07 - SUBJECT ADDED ENTRY--TOPICAL TERM |
| Topical term or geographic name entry element |
zimné športy |
| Source of heading or term |
SNKPH |
| 650 07 - SUBJECT ADDED ENTRY--TOPICAL TERM |
| Topical term or geographic name entry element |
športové výkony |
| Source of heading or term |
SNKPH |
| 650 07 - SUBJECT ADDED ENTRY--TOPICAL TERM |
| Topical term or geographic name entry element |
olympijské športy |
| Source of heading or term |
SNKPH |
| 655 #7 - INDEX TERM--GENRE/FORM |
| Genre/form data or focus term |
prehľady |
| Source of term |
SNKPH |
| 655 #7 - INDEX TERM--GENRE/FORM |
| Genre/form data or focus term |
fotografické publikácie |
| Source of term |
SNKPH |
| 700 1# - ADDED ENTRY--PERSONAL NAME |
| Personal name |
Pospíšil, Peter, |
| Dates associated with a name |
1944-2006 |
| Relationship |
pht |
| 830 #0 - SERIES ADDED ENTRY--UNIFORM TITLE |
| Uniform title |
Finále |
| 910 ## - USER-OPTION DATA (OCLC) |
| User-option data |
snk |
| 942 ## - ADDED ENTRY ELEMENTS (KOHA) |
| Source of classification or shelving scheme |
Dewey Decimal Classification |
| Koha item type |
Odborná literatúra pre dospelých |
| Suppress in OPAC |
No |
| 949 ## - LOCAL PROCESSING INFORMATION (OCLC) |
| 6 |
273K0250072 |
| a |
svkpoB 57925 |
| b |
svkpo354660 |
| 949 ## - LOCAL PROCESSING INFORMATION (OCLC) |
| 6 |
17A0178977 |
| 9 |
P60, <04>, [BOOK], {604} |
| a |
snkSC 74023 D1 |
| 949 ## - LOCAL PROCESSING INFORMATION (OCLC) |
| 6 |
17A0336819 |
| 9 |
snkZOH/88 796.032.2 |
| a |
snkSC 74023 D2 |
| b |
snkKSP 3567/2002 |
| 949 ## - LOCAL PROCESSING INFORMATION (OCLC) |
| 6 |
17A0964522 |
| a |
snkSC 74023 |
| b |
snkKSP 1808/89 |
| s |
6100:20221010 |
| 949 ## - LOCAL PROCESSING INFORMATION (OCLC) |
| 6 |
270001000112588 |
| a |
svkbbB 22456 |
| b |
svkbbm 528984 |
| 949 ## - LOCAL PROCESSING INFORMATION (OCLC) |
| 6 |
270001000105297 |
| a |
svkbbB 22456 |
| b |
svkbbm 527936 |